000 00480nam a2200193Ia 4500
005 20240823040215.0
008 240823s9999||||xx |||||||||||||| ||und||
020 _a81-85240-68-x
041 _aENGLISH
082 _A629.136 Q2
100 _aKhanna S K et al.
245 0 _aAirport Planning and Design
250 _a6th
260 _c2012
_b"Nem Chand,UP"
500 _aTRANSFERED
650 _aAirport Planning
_bAeronautical Engineering
942 _cBK
999 _c202542
_d202542